Ekologická cena rastu čínskeho obra
Dôraz na hospodársky rast Číny. Čínska vláda sa však už hlási aj k ochrane životného prostredia. Čínske tovary zaplavujú celý svet, avšak z Číny sa odplavujú aj priemyselné exhaláty. V Číne je hlavnou prioritou hospodársky rozvoj. Na scénu však nastupujú ekologické otázky. Ekologické myslenie. Obnov...
Uložené v:
| Hlavný autor: | |
|---|---|
| Médium: | Kapitola |
| Jazyk: | Slovak |
| Predmet: | |
| Tagy: |
Žiadne tagy, Buďte prvý, kto otaguje tento záznam!
|
MARC
| LEADER | 00000naa$a2200000$$$4500 | ||
|---|---|---|---|
| 001 | 0038040 | ||
| 005 | 20231009082838.8 | ||
| 041 | 0 | |a slo | |
| 044 | |a SK | ||
| 245 | 1 | 0 | |a Ekologická cena rastu čínskeho obra |c Adrian Peter Pressburg |
| 520 | |a Dôraz na hospodársky rast Číny. Čínska vláda sa však už hlási aj k ochrane životného prostredia. Čínske tovary zaplavujú celý svet, avšak z Číny sa odplavujú aj priemyselné exhaláty. V Číne je hlavnou prioritou hospodársky rozvoj. Na scénu však nastupujú ekologické otázky. Ekologické myslenie. Obnoviteľné zdroje. Hľadanie východísk na zlepšenie ochrany životného prostredia. | ||
| 610 | 2 | 0 | |a rast hospodársky |
| 610 | 2 | 0 | |a rast hospodársky dynamický |
| 610 | 2 | 0 | |a prostredie životné |
| 610 | 2 | 0 | |a exhaláty |
| 610 | 2 | 0 | |a ochrana prostredia životného |
| 610 | 2 | 0 | |a Čína |
| 100 | 1 | |a Pressburg, Adrian Peter | |